[Event "IECG WC.2003.F.00002 email"]
[Site "IECG email"]
[Date "2003.12.20"]
[Round "?"]
[White "Simmelink, Joop Theo"]
[Black "Stillerud, Lennart"]
[Result "0-1"]
[WhiteElo "2358"]
[BlackElo "2312"]
[PlyCount "74"]
[EventDate "2003.12.20"]
[EventType "tourn (corr)"]
[EventRounds "14"]
[SourceTitle "Corr 2008"]
[Source "ChessBase"]
[SourceDate "2008.06.24"]
[SourceVersion "1"]
[SourceVersionDate "2008.06.24"]
[SourceQuality "1"]

1. e4 c5 2. Nf3 e6 3. d4 cxd4 4. Nxd4 Qb6 5. Nb3 Qc7 6. Bd3 Nf6 7. f4 d5 8. e5 Nfd7 9. Nc3 a6 10. Be3 Nc6 11. 0-0 b6 12. f5 Ndxe5 13. Qh5 Bd6 14. Rae1 Ne7 15. fxe6 Bxe6 16. Bd4 N7c6 17. Re3 g6 18. Qh6 Kd7 19. Be2 Rhe8 20. Bxe5 Bxe5 21. Rd3 Nb4 22. Rd2 Kc8 23. a3 Bxc3 24. bxc3 Na2 25. c4 Nc3 26. Nd4 dxc4 27. Bf3 Bd5 28. Qxh7 Ne4 29. Bxe4 Rxe4 30. Ne2 Qc5+ 31. Kh1 Re7 32. Qh4 Bb7 33. a4 Kb8 34. a5 b5 35. Nd4 Ka7 36. c3 Rae8 37. Qf6 Qc7 0-1

[Event "IECG WC.2003.F.00002 email"]
[Site "IECG email"]
[Date "2003.12.20"]
[Round "?"]
[White "Stillerud, Lennart"]
[Black "Fiala, Jaroslav"]
[Result "1/2-1/2"]
[WhiteElo "2312"]
[BlackElo "2365"]
[PlyCount "87"]
[EventDate "2003.12.20"]
[EventType "tourn (corr)"]
[EventRounds "14"]
[SourceTitle "Corr 2008"]
[Source "ChessBase"]
[SourceDate "2008.06.24"]
[SourceVersion "1"]
[SourceVersionDate "2008.06.24"]
[SourceQuality "1"]

1. e4 e5 2. Nf3 Nc6 3. Bb5 a6 4. Ba4 Nf6 5. 0-0 Be7 6. Re1 b5 7. Bb3 d6 8. a4 Bg4 9. c3 0-0 10. h3 Bxf3 11. Qxf3 Na5 12. Bc2 b4 13. d4 c5 14. Nd2 cxd4 15. cxd4 Qb6 16. d5 Rfc8 17. Bd1 Qd4 18. Nf1 g6 19. Ng3 Nc4 20. Qe2 Rc7 21. a5 Qa7 22. Bc2 Rc5 23. b3 Na3 24. Bxa3 bxa3 25. Qd2 Rac8 26. Bd3 Rc3 27. Rxa3 Nd7 28. Rd1 Bh4 29. Nh1 Bd8 30. Qb2 R3c7 31. b4 Rb8 32. Rb1 h5 33. Rb3 h4 34. Qe2 Ra8 35. g3 hxg3 36. Nxg3 Bh4 37. Kg2 Nf6 38. R1b2 Kg7 39. Rc2 Rxc2 40. Bxc2 Qd7 41. Qf3 Rh8 42. Ne2 Nh7 43. Rc3 Ng5 44. Qe3 1/2-1/2

[Event "IECG WC.2003.F.00002 email"]
[Site "IECG email"]
[Date "2003.12.20"]
[Round "?"]
[White "Stillerud, Lennart"]
[Black "Tucci, Aniello"]
[Result "1/2-1/2"]
[WhiteElo "2312"]
[BlackElo "2304"]
[PlyCount "46"]
[EventDate "2003.12.20"]
[EventType "tourn (corr)"]
[EventRounds "14"]
[SourceTitle "Corr 2008"]
[Source "ChessBase"]
[SourceDate "2008.06.24"]
[SourceVersion "1"]
[SourceVersionDate "2008.06.24"]
[SourceQuality "1"]

1. e4 c5 2. Nf3 d6 3. d4 cxd4 4. Nxd4 Nf6 5. Nc3 a6 6. Be3 Ng4 7. Bg5 h6 8. Bh4 g5 9. Bg3 Bg7 10. h3 Ne5 11. f3 Nbc6 12. Bf2 Be6 13. Qd2 Rc8 14. 0-0-0 Qa5 15. a3 b5 16. Nd5 Qxd2+ 17. Rxd2 Nxd4 18. Bxd4 Bxd5 19. exd5 Rg8 20. a4 bxa4 21. Bxa6 Ra8 22. Bb5+ Kd8 23. c4 Nd7 1/2-1/2

[Event "IECG WC.2004.T.00004 email"]
[Site "IECG email"]
[Date "2003.08.15"]
[Round "?"]
[White "Stillerud, Lennart"]
[Black "Ingersol, Harry"]
[Result "1/2-1/2"]
[WhiteElo "2304"]
[BlackElo "2351"]
[PlyCount "88"]
[EventDate "2003.08.15"]
[EventType "tourn (corr)"]
[EventRounds "8"]
[SourceTitle "Corr 2008"]
[Source "ChessBase"]
[SourceDate "2008.06.24"]
[SourceVersion "1"]
[SourceVersionDate "2008.06.24"]
[SourceQuality "1"]

1. e4 c5 2. Nf3 d6 3. d4 cxd4 4. Nxd4 Nf6 5. Nc3 a6 6. Bg5 e6 7. f4 Qb6 8. a3 Nbd7 9. Be2 Be7 10. Rb1 h6 11. Bh4 d5 12. e5 Ng4 13. Bxg4 Bxh4+ 14. g3 Be7 15. Bf3 Qc7 16. Qe2 Nb6 17. 0-0 Bd7 18. Kh1 Nc4 19. Qd3 Qb6 20. Nce2 a5 21. a4 Nxb2 22. f5 Nxd3 23. Rxb6 Nxe5 24. fxe6 fxe6 25. Nxe6 Bc6 26. Nc7+ Kd7 27. Nxa8 Nxf3 28. Rxf3 Bf6 29. Rfb3 Rxa8 30. Rxb7+ Bxb7 31. Rxb7+ Kd6 32. Rb6+ Kc5 33. Rb5+ Kc4 34. Kg2 d4 35. Kf3 g5 36. Rf5 Bg7 37. h4 gxh4 38. gxh4 Kb4 39. Rf7 Rg8 40. Rd7 Kxa4 41. Nxd4 Bxd4 42. Rxd4+ Ka3 43. Rd6 h5 44. Rd5 a4 1/2-1/2

[Event "IECG WC.2005.S.00004 email"]
[Site "IECG email"]
[Date "2003.05.19"]
[Round "?"]
[White "Stillerud, Lennart"]
[Black "Hrvacic, Pavle"]
[Result "1/2-1/2"]
[WhiteElo "2305"]
[BlackElo "2297"]
[PlyCount "34"]
[EventDate "2003.05.19"]
[EventType "tourn (corr)"]
[EventRounds "10"]
[SourceTitle "Corr 2008"]
[Source "ChessBase"]
[SourceDate "2008.06.24"]
[SourceVersion "1"]
[SourceVersionDate "2008.06.24"]
[SourceQuality "1"]

1. e4 g6 2. d4 Bg7 3. c4 d6 4. Nc3 e5 5. Nf3 exd4 6. Nxd4 Ne7 7. h4 Nbc6 8. Be3 f5 9. h5 fxe4 10. hxg6 Nxg6 11. Qd2 Bd7 12. Nxe4 Nxd4 13. Bxd4 Qe7 14. Bxg7 Qxg7 15. 0-0-0 0-0-0 16. Qd4 Qxd4 17. Rxd4 Rdf8 1/2-1/2

[Event "IECG CP.2000.S.00008 email"]
[Site "IECG email"]
[Date "2002.10.01"]
[Round "?"]
[White "Amann, Klaus"]
[Black "Stillerud, Lennart"]
[Result "0-1"]
[WhiteElo "1867"]
[BlackElo "2334"]
[PlyCount "84"]
[EventDate "2002.10.01"]
[EventType "tourn (corr)"]
[EventRounds "8"]
[EventCountry "BLR"]
[SourceTitle "Corr 2008"]
[Source "ChessBase"]
[SourceDate "2008.06.24"]
[SourceVersion "1"]
[SourceVersionDate "2008.06.24"]
[SourceQuality "1"]

1. e4 c5 2. c3 Nf6 3. e5 Nd5 4. Nf3 e6 5. d4 cxd4 6. Qxd4 Nc6 7. Qe4 f5 8. exf6 Nxf6 9. Qh4 d5 10. Bd3 Bd6 11. Bg6+ Ke7 12. Bc2 h6 13. Bg6 Bd7 14. 0-0 Be8 15. Bc2 Bh5 16. Nd4 Kf7 17. Bd1 Bg6 18. Be3 e5 19. Nxc6 bxc6 20. Nd2 Rf8 21. Nb3 Kg8 22. Be2 a5 23. Qa4 Qb8 24. Rfe1 e4 25. h3 Be8 26. Nc5 Nd7 27. Nb3 c5 28. Nd2 Qc7 29. Qc2 a4 30. b3 Bg6 31. Nf1 Ne5 32. Nd2 Qa7 33. Red1 Nd3 34. Bxd3 exd3 35. Qb2 Qe7 36. Re1 a3 37. Qc1 Qf6 38. f3 Rac8 39. Nb1 d4 40. Bd2 Bf5 41. f4 Bxh3 42. gxh3 Qh4 0-1

[Event "IECG CP.2001.Q.00008 email"]
[Site "IECG email"]
[Date "2002.10.01"]
[Round "?"]
[White "Maidana Guerra, Victor Ramon"]
[Black "Stillerud, Lennart"]
[Result "1/2-1/2"]
[WhiteElo "1600"]
[BlackElo "2334"]
[PlyCount "65"]
[EventDate "2002.10.01"]
[EventType "tourn (corr)"]
[EventRounds "6"]
[EventCountry "SWE"]
[SourceTitle "Corr 2008"]
[Source "ChessBase"]
[SourceDate "2008.06.24"]
[SourceVersion "1"]
[SourceVersionDate "2008.06.24"]
[SourceQuality "1"]

1. d4 Nf6 2. c4 e6 3. Nf3 d5 4. Bg5 dxc4 5. e4 Bb4+ 6. Nc3 c5 7. Bxc4 cxd4 8. Nxd4 Qa5 9. Bd2 0-0 10. Qe2 e5 11. Nc2 Nc6 12. Rd1 Bxc3 13. Bxc3 Qb6 14. Rd2 a6 15. 0-0 Rd8 16. Rxd8+ Qxd8 17. Ne3 Nxe4 18. Bxf7+ Kxf7 19. Qc4+ Be6 20. Qxe4 Kg8 21. a3 Qe7 22. Bxe5 Bf7 23. f4 Re8 24. Qf3 Nxe5 25. fxe5 Qc7 26. Nf5 Rxe5 27. b4 Re6 28. Qg4 Qb6+ 29. Kh1 Bg6 30. Qc4 Bxf5 31. Qc8+ Kf7 32. Rxf5+ Kg6 33. Rf1 1/2-1/2

[Event "IECG CP.2000.S.00008 email"]
[Site "IECG email"]
[Date "2002.10.01"]
[Round "?"]
[White "Onder, Evren"]
[Black "Stillerud, Lennart"]
[Result "1/2-1/2"]
[WhiteElo "2151"]
[BlackElo "2334"]
[PlyCount "70"]
[EventDate "2002.10.01"]
[EventType "tourn (corr)"]
[EventRounds "8"]
[EventCountry "BLR"]
[SourceTitle "Corr 2008"]
[Source "ChessBase"]
[SourceDate "2008.06.24"]
[SourceVersion "1"]
[SourceVersionDate "2008.06.24"]
[SourceQuality "1"]

1. e4 c5 2. Nf3 e6 3. d4 cxd4 4. Nxd4 Qb6 5. c3 Bc5 6. Be3 Nc6 7. Nd2 Nxd4 8. Nc4 Qc6 9. Bxd4 Qxe4+ 10. Be2 Be7 11. 0-0 Nf6 12. Bf3 Qf4 13. Qa4 0-0 14. Be5 Qg5 15. Bd6 Bxd6 16. Nxd6 Ne8 17. Rad1 Nxd6 18. Rxd6 Qe5 19. Rfd1 a5 20. Qd4 Qxd4 21. R1xd4 Rb8 22. c4 b6 23. Kf1 f5 24. Rd3 Kf7 25. Rb3 Ba6 26. Rxd7+ Kf6 27. Rc3 Rfc8 28. b3 b5 29. Ra7 Rb6 30. Rxa6 Rxa6 31. Bb7 Rac6 32. Ke2 g5 33. Bxc6 Rxc6 34. Kd3 Rd6+ 35. Ke3 f4+ 1/2-1/2

[Event "IECG CP.2001.Q.00008 email"]
[Site "IECG email"]
[Date "2002.10.01"]
[Round "?"]
[White "Stillerud, Lennart"]
[Black "Meulemans, Bart"]
[Result "1-0"]
[WhiteElo "2334"]
[BlackElo "2176"]
[PlyCount "63"]
[EventDate "2002.10.01"]
[EventType "tourn (corr)"]
[EventRounds "6"]
[EventCountry "SWE"]
[SourceTitle "Corr 2008"]
[Source "ChessBase"]
[SourceDate "2008.06.24"]
[SourceVersion "1"]
[SourceVersionDate "2008.06.24"]
[SourceQuality "1"]

1. e4 e5 2. Nf3 Nc6 3. Bb5 a6 4. Ba4 Nf6 5. 0-0 Be7 6. Re1 b5 7. Bb3 d6 8. a4 b4 9. a5 0-0 10. h3 Nb8 11. d4 exd4 12. Qxd4 Nc6 13. Qc4 Ne5 14. Nxe5 dxe5 15. Nd2 c5 16. Qf1 Bb7 17. Nc4 Nxe4 18. Qd3 Bh4 19. Rxe4 Bxe4 20. Qxe4 Qd1+ 21. Kh2 Bxf2 22. Be3 Qe2 23. Rd1 Qxd1 24. Bxf2 Rac8 25. Nb6 Qd6 26. Nxc8 Rxc8 27. Bxf7+ Kxf7 28. Qf5+ Qf6 29. Qd7+ Kg6 30. Qxc8 Qxf2 31. Qxa6+ Kg5 32. Qc4 1-0

[Event "IECG CP.2000.S.00008 email"]
[Site "IECG email"]
[Date "2002.10.01"]
[Round "?"]
[White "Stillerud, Lennart"]
[Black "Rost, Detlef"]
[Result "0-1"]
[WhiteElo "2334"]
[BlackElo "2410"]
[PlyCount "78"]
[EventDate "2002.10.01"]
[EventType "tourn (corr)"]
[EventRounds "8"]
[EventCountry "BLR"]
[SourceTitle "Corr 2008"]
[Source "ChessBase"]
[SourceDate "2008.06.24"]
[SourceVersion "1"]
[SourceVersionDate "2008.06.24"]
[SourceQuality "1"]

1. e4 e5 2. Nf3 Nc6 3. Bb5 a6 4. Ba4 Nf6 5. 0-0 Be7 6. Re1 b5 7. Bb3 0-0 8. c3 d6 9. h3 Nb8 10. d4 Nbd7 11. Nbd2 Bb7 12. Nf1 Nxe4 13. Bc2 f5 14. Ne3 Bh4 15. g3 Nxg3 16. fxg3 Bxg3 17. Nxf5 Bxe1 18. Nxe1 e4 19. Ng3 Nf6 20. Qe2 Qd7 21. Bb3+ Kh8 22. Kh2 Rae8 23. Be3 Nd5 24. Bxd5 Bxd5 25. Ng2 Rf3 26. Nh4 Bc4 27. Qd2 Rf7 28. Ng2 d5 29. b3 Bd3 30. Rg1 Ref8 31. Bf4 Qc6 32. Be5 Rf2 33. Qg5 Qg6 34. Qe7 Kg8 35. Qxc7 e3 36. Bd6 Re8 37. Bf4 h5 38. Qd7 h4 39. Qxd5+ Kh7 0-1

[Event "IECG CP.2001.Q.00008 email"]
[Site "IECG email"]
[Date "2002.10.01"]
[Round "?"]
[White "Tanti, Joseph G"]
[Black "Stillerud, Lennart"]
[Result "0-1"]
[WhiteElo "1958"]
[BlackElo "2334"]
[PlyCount "55"]
[EventDate "2002.10.01"]
[EventType "tourn (corr)"]
[EventRounds "6"]
[EventCountry "SWE"]
[SourceTitle "Corr 2008"]
[Source "ChessBase"]
[SourceDate "2008.06.24"]
[SourceVersion "1"]
[SourceVersionDate "2008.06.24"]
[SourceQuality "1"]

1. e4 c5 2. Nf3 e6 3. d4 cxd4 4. Nxd4 Qb6 5. Be3 Bc5 6. Na3 d5 7. exd5 exd5 8. Bb5+ Bd7 9. 0-0 Ne7 10. Re1 Nbc6 11. Nb3 Bxe3 12. Rxe3 Be6 13. c3 0-0 14. Bd3 d4 15. cxd4 Rad8 16. Qc2 h6 17. Nc4 Qc7 18. Ncd2 Nd5 19. Ree1 a5 20. Bb5 Ndb4 21. Qc3 Qb6 22. Bxc6 Nxc6 23. Re4 Bd5 24. Re3 Bxb3 25. Nxb3 a4 26. Nc5 Qb5 27. Re4 Rd5 28. Rae1 0-1

[Event "IECG WC.2004.S.00009 email"]
[Site "IECG email"]
[Date "2002.05.08"]
[Round "?"]
[White "Lifshitz, Samuel"]
[Black "Stillerud, Lennart"]
[Result "0-1"]
[WhiteElo "2344"]
[BlackElo "2324"]
[PlyCount "106"]
[EventDate "2002.05.08"]
[EventType "tourn (corr)"]
[EventRounds "8"]
[SourceTitle "Corr 2008"]
[Source "ChessBase"]
[SourceDate "2008.06.24"]
[SourceVersion "1"]
[SourceVersionDate "2008.06.24"]
[SourceQuality "1"]

1. e4 c5 2. Nc3 Nc6 3. g3 g6 4. Bg2 e6 5. f4 Bg7 6. d3 Nge7 7. Nf3 d5 8. 0-0 b6 9. Bd2 Bb7 10. Rb1 Qd7 11. exd5 exd5 12. a3 d4 13. Ne4 0-0 14. Re1 Rfe8 15. Ne5 Nxe5 16. fxe5 Nf5 17. Bf4 Ne3 18. Qe2 Nxg2 19. Qxg2 Re6 20. Qf2 Rae8 21. Nd6 Qc6 22. Nxb7 Qxb7 23. b4 Qe7 24. bxc5 Qxc5 25. Rb4 Bxe5 26. Bxe5 Rxe5 27. Rxe5 Rxe5 28. Rxd4 Qe7 29. Kf1 Qxa3 30. Rd8+ Kg7 31. Kg2 Qc3 32. Rd6 Re6 33. Rxe6 fxe6 34. h4 h5 35. Kh3 e5 36. Qg2 Qc7 37. Qa8 b5 38. Qe8 b4 39. Qa4 a5 40. Kg2 Qb7+ 41. Kf2 Qd5 42. Ke3 Kf7 43. Kf2 e4 44. dxe4 Qxe4 45. Qd7+ Kf6 46. Qd6+ Kf5 47. Qd7+ Ke5 48. Qa4 Qd4+ 49. Ke2 Qd5 50. Qe8+ Kf5 51. Qf8+ Kg4 52. Qf4+ Kh3 53. Qc7 a4 0-1

[Event "IECG CM.2002.0.00170 email"]
[Site "IECG email"]
[Date "2002.02.13"]
[Round "?"]
[White "Stillerud, Lennart"]
[Black "Krol, Wladyslaw"]
[Result "1-0"]
[WhiteElo "2271"]
[BlackElo "2288"]
[PlyCount "59"]
[EventDate "2002.02.13"]
[EventType "tourn (corr)"]
[EventRounds "6"]
[SourceTitle "Corr 2008"]
[Source "ChessBase"]
[SourceDate "2008.06.24"]
[SourceVersion "1"]
[SourceVersionDate "2008.06.24"]
[SourceQuality "1"]

1. e4 e5 2. Nf3 Nc6 3. Bb5 a6 4. Ba4 Nf6 5. 0-0 Ng4 6. h3 h5 7. c3 Bc5 8. d4 Ba7 9. Re1 d6 10. Na3 Bd7 11. Bxc6 bxc6 12. Nc4 Kf8 13. Qc2 Rb8 14. b3 exd4 15. cxd4 Nh6 16. Qc3 c5 17. d5 f6 18. Nh4 Kg8 19. f4 Nf7 20. Qg3 c6 21. Ng6 Rh7 22. Bb2 cxd5 23. exd5 Bb6 24. Re2 Bc7 25. Rae1 Nh6 26. Ne7+ Kh8 27. Qg6 Qe8 28. f5 Qf8 29. Qxh5 Qd8 30. Bc1 1-0

[Event "IECG CP.2000.Q.00010"]
[Site "IECG email"]
[Date "2001.10.01"]
[Round "?"]
[White "Billion, Paul"]
[Black "Stillerud, Lennart"]
[Result "0-1"]
[WhiteElo "2095"]
[BlackElo "2029"]
[PlyCount "134"]
[EventDate "2001.10.01"]
[EventType "tourn (corr)"]
[EventRounds "6"]
[SourceTitle "Corr 2008"]
[Source "ChessBase"]
[SourceDate "2008.06.24"]
[SourceVersion "1"]
[SourceVersionDate "2008.06.24"]
[SourceQuality "1"]

1. d4 Nf6 2. c4 g6 3. Nc3 Bg7 4. e4 d6 5. Be2 0-0 6. Bg5 a6 7. Qd2 c5 8. Nf3 cxd4 9. Nxd4 Nc6 10. Nxc6 bxc6 11. 0-0 Rb8 12. b3 Nd7 13. Rad1 Nc5 14. Bh6 Bxh6 15. Qxh6 Qc7 16. Rd2 f5 17. Bf3 Qa5 18. Rc1 Bd7 19. h3 Rf7 20. exf5 Rxf5 21. Re2 Rf7 22. Ne4 Ne6 23. Rd1 Rbf8 24. Bg4 Nf4 25. Nf6+ Rxf6 26. Rxe7 R8f7 27. Rxf7 Rxf7 28. Bxd7 Ne2+ 29. Kh1 Rxf2 30. Qe3 Qe5 31. Qxe5 dxe5 32. Bxc6 Nd4 33. Bd5+ Kf8 34. Ra1 a5 35. Kg1 Rd2 36. Rf1+ Ke7 37. Rf2 Rd1+ 38. Kh2 Kd6 39. h4 Ra1 40. g3 Kc5 41. Kh3 Re1 42. Rf8 e4 43. Rc8+ Kb4 44. Rb8+ Kc5 45. Rc8+ Kb4 46. Rb8+ Ka3 47. Re8 e3 48. Re4 e2 49. Rxd4 Rd1 50. Re4 e1Q 51. Rxe1 Rxe1 52. Kg4 Rc1 53. Bc6 Kxa2 54. Ba4 Ka3 55. Kf4 Kb4 56. Ke5 Rg1 57. Kf4 h6 58. Kf3 Rf1+ 59. Ke4 Kc5 60. Bb5 Rf7 61. Ke3 Kb4 62. Ba4 g5 63. hxg5 hxg5 64. Kd4 g4 65. c5 Rf3 66. Bd7 Rxg3 67. c6 Rc3 0-1

[Event "IECG CP.2001.P.00002"]
[Site "IECG email"]
[Date "2001.10.01"]
[Round "?"]
[White "Stillerud, Lennart"]
[Black "Ginther, Ron"]
[Result "1-0"]
[WhiteElo "2267"]
[BlackElo "1992"]
[PlyCount "129"]
[EventDate "2001.10.01"]
[EventType "tourn (corr)"]
[EventRounds "6"]
[SourceTitle "Corr 2024"]
[Source "ChessBase"]
[SourceDate "2023.10.19"]
[SourceVersion "1"]
[SourceVersionDate "2023.10.19"]
[SourceQuality "1"]

1. e4 c5 2. Nf3 d6 3. d4 cxd4 4. Nxd4 Nf6 5. Nc3 g6 6. Bc4 Bg7 7. 0-0 0-0 8. Re1 Nc6 9. h3 Nxd4 10. Qxd4 Nd7 11. Qe3 Ne5 12. Bd5 Nc6 13. a3 Bd7 14. Qd3 Ne5 15. Qe2 Qc7 16. Rb1 e6 17. Bb3 Rfc8 18. Rd1 Nc4 19. Bxc4 Qxc4 20. Qxc4 Rxc4 21. Rxd6 Bc6 22. Bd2 Bd4 23. Kf1 Kf8 24. Rd1 e5 25. Be3 Bxc3 26. Bh6+ Ke8 27. bxc3 Rxe4 28. Bg5 Kf8 29. Bf6 Re8 30. Rd8 Bb5+ 31. Kg1 Re2 32. R1d5 Bc6 33. Rxe8+ Bxe8 34. Kf1 Rxc2 35. Rxe5 Rc1+ 36. Ke2 Bc6 37. Kd2 Ra1 38. g3 Kg8 39. Ra5 Ra2+ 40. Ke3 a6 41. h4 Bb5 42. Bd4 Re2+ 43. Kf3 Re6 44. a4 Bc6+ 45. Kf4 Re4+ 46. Kg5 Re2 47. Kh6 Ra2 48. Kg5 Rxa4 49. Re5 Rc4 50. Re7 Kf8 51. Kf6 Bd5 52. Rd7 Rc6+ 53. Kg5 Bc4 54. Kh6 b6 55. Kxh7 a5 56. Ra7 Ke8 57. Kg7 Be6 58. Bf6 Bd7 59. f3 b5 60. g4 b4 61. h5 gxh5 62. gxh5 bxc3 63. Ra8+ Rc8 64. h6 Rxa8 65. h7 1-0

[Event "IECG CM.2001.0.00153"]
[Site "IECG email"]
[Date "2001.08.31"]
[Round "?"]
[White "Espirito Santo, Rubens Cardoso Do"]
[Black "Stillerud, Lennart"]
[Result "0-1"]
[WhiteElo "2230"]
[BlackElo "2016"]
[PlyCount "52"]
[EventDate "2001.08.31"]
[EventType "tourn (corr)"]
[EventRounds "6"]
[SourceTitle "Corr 2008"]
[Source "ChessBase"]
[SourceDate "2008.06.24"]
[SourceVersion "1"]
[SourceVersionDate "2008.06.24"]
[SourceQuality "1"]

1. e4 c5 2. Nf3 e6 3. d4 cxd4 4. Nxd4 Qb6 5. Nb3 Qc7 6. Nc3 a6 7. Bd3 Nf6 8. 0-0 b5 9. a3 Bb7 10. f4 d6 11. Be3 Nbd7 12. f5 e5 13. Qf3 Be7 14. Qg3 0-0 15. Rad1 Rfd8 16. Bd2 Rac8 17. Rde1 Kf8 18. Nd1 Re8 19. Ba5 Qc6 20. Nf2 Kg8 21. Bd2 Qc7 22. Na5 Ba8 23. c4 bxc4 24. Nxc4 Nc5 25. Ba5 Qb8 26. Nb6 Bd8 0-1

[Event "IECG CP.1999.Q.00013"]
[Site "IECG email"]
[Date "2000.10.01"]
[Round "?"]
[White "Alvebring, Martin"]
[Black "Stillerud, Lennart"]
[Result "1-0"]
[WhiteElo "2132"]
[BlackElo "1964"]
[PlyCount "65"]
[EventDate "2000.10.01"]
[EventType "tourn (corr)"]
[EventRounds "8"]
[EventCountry "SWE"]
[SourceTitle "Corr 2008"]
[Source "ChessBase"]
[SourceDate "2008.06.24"]
[SourceVersion "1"]
[SourceVersionDate "2008.06.24"]
[SourceQuality "1"]

1. d4 Nf6 2. c4 g6 3. Nc3 Bg7 4. e4 c5 5. Nf3 cxd4 6. Nxd4 Qa5 7. Nb3 Qc7 8. Be2 Nc6 9. 0-0 b6 10. Bg5 Bb7 11. Nd5 Nxd5 12. exd5 Nd8 13. Qd2 e5 14. Rac1 f5 15. c5 Nf7 16. cxb6 Qxb6 17. Be3 Qd6 18. Rfd1 Bc8 19. Rc2 f4 20. Bxa7 Rxa7 21. Rxc8+ Ke7 22. Rxh8 Bxh8 23. Na5 e4 24. Nc4 Qf6 25. Qb4+ d6 26. a3 Qf5 27. h3 f3 28. Ne3 Qf4 29. Bxf3 Bxb2 30. Qb8 exf3 31. Qxa7+ Kf6 32. g3 Qe4 33. Qb8 1-0

[Event "IECG CP.1999.Q.00013"]
[Site "IECG email"]
[Date "2000.10.01"]
[Round "?"]
[White "Simmelink, Joop Theo"]
[Black "Stillerud, Lennart"]
[Result "1-0"]
[WhiteElo "2270"]
[BlackElo "1964"]
[PlyCount "47"]
[EventDate "2000.10.01"]
[EventType "tourn (corr)"]
[EventRounds "8"]
[EventCountry "SWE"]
[SourceTitle "Corr 2008"]
[Source "ChessBase"]
[SourceDate "2008.06.24"]
[SourceVersion "1"]
[SourceVersionDate "2008.06.24"]
[SourceQuality "1"]

1. e4 c5 2. Nf3 e6 3. d4 cxd4 4. Nxd4 Qb6 5. Nb3 Qc7 6. Bd3 Nf6 7. f4 d6 8. Be3 Be7 9. Qf3 Nbd7 10. Nc3 a6 11. g4 h6 12. h4 b5 13. g5 Ng8 14. g6 b4 15. e5 Bb7 16. gxf7+ Kxf7 17. Ne4 dxe5 18. fxe5+ Ke8 19. Bf4 Kd8 20. Qg3 Bf8 21. Rf1 Bxe4 22. Bxe4 Rc8 23. 0-0-0 Ne7 24. Nd4 1-0